| 000 | 00543nam a22001937a 4500 | ||
|---|---|---|---|
| 003 | CEME | ||
| 005 | 20210628203053.0 | ||
| 008 | 210218b xxu||||| |||| 00| 0 eng d | ||
| 020 | _a81-7808-112-1 | ||
| 040 | _c. | ||
| 082 | _a005.133 KNU | ||
| 100 |
_aKnuth, Donald.E _963154 |
||
| 245 | _aThe art of computer programming, seminumerical algorithms ,vol-2 | ||
| 250 | _a3RD | ||
| 260 |
_aINDIA _bPEARSON EDUCATION ASIA _c2002 |
||
| 300 | _aXIII,762P | ||
| 650 |
_aCOMPUTER PROGRAMMING-SEMINUMERICAL ALGORITHMS _963155 |
||
| 942 |
_cBK _2ddc |
||
| 999 |
_c572066 _d572066 |
||